Aplikácia didaktických zásad vo výučbe ekonometrie

Uplatňovanie didaktických zásad nielen na základných a stredných školách ale aj na vysokých školách prispieva k skvalitňovaniu výučby. Vo výučbe kvantitatívne orientovaných predmetov ekonomického zamerania je vhodné aplikovať najmä zásadu názornosti, odbornosti, spájania teórie s praxou, ale aj ost...

Ausführliche Beschreibung

Gespeichert in:
Bibliographische Detailangaben
1. Verfasser: Lukáčiková, Adriana, 1971-
Format: Buchkapitel
Sprache:Slowakisch
Schlagworte:
Tags: Tag hinzufügen
Keine Tags, Fügen Sie das erste Tag hinzu!

MARC

LEADER 00000nla a2200000 4500
001 0233545
005 20240502073808.2
041 0 |a slo 
044 |a SK 
245 1 0 |a Aplikácia didaktických zásad vo výučbe ekonometrie  |c Adriana Lukáčiková 
520 |a Uplatňovanie didaktických zásad nielen na základných a stredných školách ale aj na vysokých školách prispieva k skvalitňovaniu výučby. Vo výučbe kvantitatívne orientovaných predmetov ekonomického zamerania je vhodné aplikovať najmä zásadu názornosti, odbornosti, spájania teórie s praxou, ale aj ostatné didaktické zásady. 
610 2 0 |a vzdelávanie vysokoškolské 
610 2 0 |a didaktika 
610 2 0 |a ekonometria 
100 1 |a Lukáčiková, Adriana, 1971-